000 00347nam a22001453 4500
001 206777
005 20250612134331.0
090 _a206777
100 _a20250612 ukry50
101 _aukr
102 _aUA
200 _a
210 _d2025
801 _2unimarc
_aUA
_gpsbo
942 _cNEWSPAPER